Structure and interpretation of signals and systems (E-BOOK) (Record no. 192077)

000 -LEADER
fixed length control field 00901 a2200217 4500
003 - CONTROL NUMBER IDENTIFIER
control field Nust
005 - DATE AND TIME OF LATEST TRANSACTION
control field 20170207154029.0
010 ## - LIBRARY OF CONGRESS CONTROL NUMBER
LC control number 2002074777
020 ## - INTERNATIONAL STANDARD BOOK NUMBER
International Standard Book Number 0201745518
040 ## - CATALOGING SOURCE
Transcribing agency Nust
082 00 - DEWEY DECIMAL CLASSIFICATION NUMBER
Classification number 621.382
100 1# - MAIN ENTRY--PERSONAL NAME
Personal name Lee, Edward A.,
245 10 - TITLE STATEMENT
Title Structure and interpretation of signals and systems (E-BOOK)
Statement of responsibility, etc. Edward A. Lee, Pravin Varaiya.
260 ## - PUBLICATION, DISTRIBUTION, ETC.
Place of publication, distribution, etc. Boston :
Name of publisher, distributor, etc. Addison-Wesley,
Date of publication, distribution, etc. c2003.
300 ## - PHYSICAL DESCRIPTION
Extent xxi, 647 p. :
Other physical details ill. ;
Dimensions 25 cm.
500 ## - GENERAL NOTE
General note Includes indexes.
505 ## - FORMATTED CONTENTS NOTE
Formatted contents note 1 Signals and Systems (Page-1) 2 Defining Signals and Systems(Page-37) 3 State-Space Models(Page-65) 4 Composing State Machines(Page-97) 5 Linear Systems(Page-127) 6 Frequency Domain(Page-149) 7 Frequency Response(Page-175) 8 Filtering(Page-205) 9 The Four Fourier Transforms(Page-245) 10 Sampling and Reconstruction(Page-267)
650 #0 - SUBJECT ADDED ENTRY--TOPICAL TERM
Topical term or geographic name entry element Signal detection.
651 ## - SUBJECT ADDED ENTRY--GEOGRAPHIC NAME
Geographic name E-BOOK
700 1# - ADDED ENTRY--PERSONAL NAME
Personal name Varaiya, P. P.
942 ## - ADDED ENTRY ELEMENTS (KOHA)
Source of classification or shelving scheme
Koha item type Book
Holdings
Withdrawn status Lost status Source of classification or shelving scheme Damaged status Not for loan Collection code Permanent Location Current Location Date acquired Total Checkouts Full call number Barcode Date last seen Price effective from Koha item type
            Military College of Signals (MCS) Military College of Signals (MCS) 12/12/2016   621.382 EDW MCSEB-986 12/08/2016 12/12/2016 Book
© 2023 Central Library, National University of Sciences and Technology. All Rights Reserved.